Las cien mejores poesías (líricas) de la lengua inglesa / (Record no. 178801)

MARC details
000 -LEADER
campo de control de longitud fija 01141nam a2200277 i 4500
001 - NÚMERO DE CONTROL
campo de control 178801
003 - IDENTIFICADOR DE NÚMERO DE CONTROL
campo de control ES-MaACL
005 - FECHA Y HORA DE LA ÚLTIMA TRANSACCIÓN
campo de control 20240129115653.0
008 - DATOS DE LONGITUD FIJA--INFORMACIÓN GENERAL
campo de control de longitud fija 110704r20061918sp |||| | spa d
020 ## - NÚMERO INTERNACIONAL ESTÁNDAR DEL LIBRO
Número Internacional Estándar del Libro 84-9761-282-5
080 ## - NÚMERO DE LA CLASIFICACIÓN DECIMAL UNIVERSAL
Número de la Clasificación Decimal Universal 821.111-14(082.2)
245 04 - MENCIÓN DEL TÍTULO
Título Las cien mejores poesías (líricas) de la lengua inglesa /
Mención de responsabilidad, etc. traducidas directamente en verso por Fernando Maristany ; prólogo de Enrique Díez-Canedo.
246 3# - FORMA VARIANTE DEL TITULO
Título propio/Titulo breve 100 mejores poesías líricas de la lengua inglesa
250 ## - MENCION DE EDICION
Mención de edición Ed. facsímil.
260 ## - PUBLICACIÓN, DISTRIBUCIÓN, ETC.
Lugar de publicación, distribución, etc. Valladolid :
Nombre del editor, distribuidor, etc. Maxtor,
Fecha de publicación, distribución, etc. [2006]
300 ## - DESCRIPCIÓN FÍSICA
Extensión XVI, 176 p. ;
Dimensiones 15 cm.
505 8# - NOTA DE CONTENIDO CON FORMATO
Nota de contenido con formato Contiene: ;
Título Las traducciones de Fernando Maristany y la prensa(
Información miscelánea , p. 157-174)
534 ## - NOTA SOBRE LA VERSIÓN ORIGINAL
Frase introductoria Reprod. de la ed. de:
Publicación, distribución, etc. del original Valencia : Cervantes, 1918.
650 #7 - PUNTO DE ACCESO ADICIONAL DE MATERIA--TÉRMINO DE MATERIA
Término de materia o nombre geográfico como elemento de entrada Poesías inglesas.
9 (RLIN) 16229
700 1# - ENTRADA AGREGADA--NOMBRE PERSONAL
Nombre de persona Maristany, Fernando.
9 (RLIN) 76897
700 1# - ENTRADA AGREGADA--NOMBRE PERSONAL
Nombre de persona Díez-Canedo, Enrique,
Fechas asociadas al nombre 1879-1944
9 (RLIN) 44685
740 4# - ENTRADA AGREGADA--TÍTULO RELACIONADO/ANALÍTICO NO CONTROLADO
Título relacionado o analítico no controlado Las cien mejores poesías líricas de la lengua inglesa.
852 ## - LOCALIZACIÓN
Ubicación ES-MaACL
Número de control de estantería A-11317
itemnumber 185662
Sublocalización o colección R.146723
Ubicación en estantería Depósito 1
Signatura antigua Olim: N-4321
942 ## - ELEMENTOS DE ENTRADA SECUNDARIOS (KOHA)
Fuente del sistema de clasificación o colocación Clasificación decimal universal
Tipo de ítem Koha Libro impreso
Holdings
Estatus retirado Estado de pérdida Fuente del sistema de clasificación o colocación Estado de daño No para préstamo Biblioteca de origen Biblioteca actual Ubicación en estantería Fecha de adquisición Fuente de adquisición Total de préstamos Signatura topográfica completa Código de barras Visto por última vez Precio de reemplazo Tipo de ítem Koha
    Clasificación decimal universal     Biblioteca del Ateneo de Madrid Biblioteca del Ateneo de Madrid Depósito 1 04/07/2011 Compra   A-11317 1187817 23/02/2023 23/02/2023 Libro impreso